000 00701cam a2200229 a 4500
001 4906246
005 20240303234932.0
008 940523s1994 pau b 001 0 eng
020 _a0812232615 (cloth : acidfree paper)
020 _a0812215389 (pbk. : acidfree paper)
040 _aDLC
_cDLC
_dDLC
082 0 0 _a323,334.
_220
_bHUM.
245 0 0 _aHuman rights of women :
_bnational and international perspectives /
_cedited by Rebecca J. Cook.
260 _aPhiladelphia :
_bUniversity of Pennsylvania Press,
_c1994.
300 _axiv, 634 p. ;
650 0 _aWomen
650 0 _aWomen's rights.
650 0 _aHuman rights.
650 0 _aFeminism.
700 1 _aCook, Rebecca J.
_eedt
942 _cL
999 _c530
_d530